007430000a22001930004500090001700000245021100017651004100228653003800269653003800307690002000345690002800365690002900393041001400422044001300436100002800449942001300477773004200490999001700532 aASbSeriadas10aCaracterísticas taxonómicas y de hábitat utilizadas para diferenciar dos especies de camarón cabezudo Heterocarpus hostilis y Heterocarpus vicarius (Decapoda: Pandalidae) en el Pacífico Colombiano 4pColombialRegión Pacífica992749 fPandalidaeeHeterocarpus vicarius fPandalidaeeHeterocarpus hostilis aCamarones97376 aHábitat animal994646 aTaxonomía animal982450 aEspañol aColombia1 aPedraza, Milton9100373 cARTICULO1 tCespedesiamDic.h80q57-70d2003g26 c16212d16212